LEADER 01148nam a2200277 4500 001 000000349895 003 CaOOAMICUS 005 20220419102912.0 008 220401s2001 it 000 u ita r 020 $a88-07-01589-7 040 $aSeMil$bita 100 1 $aKhadra, Yasmina .$0(OLS)http://semarc/name/115714 240 12$aÀ quoi rêvent les loups.$0(OLS)http://semarc/title/439546 245 10$aCosa sognano i lupi? /$cYasmina Khadra ; traduzione di Yasmina Melaouah. 264 1$aMilano :$bFeltrinelli,$c2001. 300 $a252 p. ;$c23 cm 490 1 $aI narratori 700 1 $aMelaouah, Yasmina,$d<1961- >.$0(OLS)http://semarc/name/15468 830 2$aI narratori.$0(OLS)http://semarc/title/426404 850 $aSeMil 852 $aSeMil$W1$xVenegono$y1$m1T II 10$j233048$B240927$CSeMilBibl$Z2$F240927 $81 961 $aConti don Gildo - Omaggio 996 $6020$a88-07-01589-7$9(OLS)http://semarc/number/295620 996 $6245$aCosa sognano i lupi?$9(OLS)http://semarc/title/439547 996 $6264$aMilano :$bFeltrinelli$9(OLS)http://semarc/publisher/30237 LEADER 00969nam a2200253 i 4500 001 000000072623 003 CaOOAMICUS 005 20090403000000.0 008 090403s1978 it u000 u ita u 013 $a43795 040 $aSeMil$bita 100 1 $aGrygiel, Stanis?aw,$d<1934-2023>.$0(OLS)http://semarc/name/23091 245 12$aL'uomo visto dalla Vistola /$cStanislaw Grygiel. 260 $aBologna :$bCSEO biblioteca,$c1978. 300 $a271 p. ;$c18 cm. 490 0 $aPaperbacks/Tracce ;$v3 490 0 $aPaperbacks 650 4$aUomo.$0(OLS)http://semarc/subject/977 830 0$aPaperbacks/Tracce ;$v3.$0(OLS)http://semarc/title/15428 830 0$aPaperbacks.$0(OLS)http://semarc/title/7578 850 $aSeMil 852 $aSeMil$W1$xVenegono$y1$m2Q I 466$j38776$B38776$CSeMilBibl$Z2$F38779 $81 996 $6245$aL'uomo visto dalla Vistola$9(OLS)http://semarc/title/117166 996 $6260$aBologna :$bCSEO biblioteca$9(OLS)http://semarc/publisher/34623